01146cam a2200301 a 45000010009000000050017000090080041000260100017000670150019000840160018001030200026001210200023001470350024001700400059001940500027002530820017002801000021002972450140003182600038004583000036004964400065005325040051005976500044006486500051006926500053007437000031007967000017008271562665020170105102347.0090217s2009 enka b 001 0 eng  a 2009005785 aGBA9576512bnb7 a0152873702Uk a9780470770658 (cloth) a0470770651 (cloth) a(OCoLC)ocn310400178 aDLCcDLCdBTCTAdUKMdYDXCPdBWKUKdBWKdCDXdBWXdDLC00aTK5103.4885b.C35 200900a621.38212221 aCai, Lin,d1973-10aMultimedia services in wireless internet : modeling and analysis bmodeling and analysis cLin Cai, Xuemin (Sherman) Shen, Jon W. Mark. aChichester, U.K. :bWiley,c2009. axviii, 271 p. :bill. ;c26 cm. 0aWiley series on wireless communications and mobile computing aIncludes bibliographical references and index. 0aWireless InternetxMathematical models. 0aMultimedia communicationsxSimulation methods. 0aWireless communication systemsxQuality control.1 aShen, X.q(Xuemin),d1958-1 aMark, Jon W.